LEADER 03088nam 2200625 a 450 001 9910457527903321 005 20200520144314.0 010 $a1-283-95178-9 010 $a1-78042-493-0 035 $a(CKB)2550000000088744 035 $a(EBL)887052 035 $a(OCoLC)781953729 035 $a(SSID)ssj0000749609 035 $a(PQKBManifestationID)11424664 035 $a(PQKBTitleCode)TC0000749609 035 $a(PQKBWorkID)10710441 035 $a(PQKB)10343541 035 $a(MiAaPQ)EBC887052 035 $a(Au-PeEL)EBL887052 035 $a(CaPaEBR)ebr10532502 035 $a(CaONFJC)MIL426428 035 $a(EXLCZ)992550000000088744 100 $a20120315d2012 uy 0 101 0 $ager 135 $aur|n|---||||| 181 $ctxt 182 $cc 183 $acr 200 14$aDas Rokoko$b[electronic resource] $eKunst des 18. Jahrhunderts /$fVictoria Charles und Klaus H. Carl 210 $a[New York] $cParkstone International$d[2012] 215 $a1 online resource (200 p.) 225 1 $aKollektion kunst der jahrhunderte 300 $aDescription based upon print version of record. 311 $a1-84484-742-X 320 $aIncludes bibliographical references and index. 327 $aInhalt; Zeitgeschichte; Die Kriege; Die Musik; Die Erfindungen; Die Kunst; I. Das Rokoko in Frankreich; Die Mode; Die Architektur; Die Architekten; Die Malerei; Antoine Watteau und seine Nachfolger; Franc?ois Boucher; Jean-Honore? Fragonard; Die Nachfolger; Die Bildhauerei; Die Goldschmiede; II. Das Rokoko in Italien; Die Architektur; Die dekorative Kunst; Die Malerei; Die Bildhauerei; III. Das Rokoko in Deutschland; Die Architektur; Die Malerei; Die Bildhauerei; O?sterreich und Tschechien; IV. Das Jahrhundert in England; Die Architektur; Die Malerei; Die Bildhauerei 327 $aV. Das Jahrhundert in SpanienDie Architektur; Die Malerei; VI. Der U?bergang zum 19. Jahrhundert; Bibliographie; Index 330 $aDas Wort Rokoko leitet sich wahrscheinlich von dem vermutlich in franzo?sischen Emigrantenkreisen aufgekommenen Wort """"rocaille"""" (Muschel) ab. Diese Kunstrichtung entwickelte sich zu Beginn des 18. Jahrhunderts und breitete sich schnell in ganz Europa aus. Ihre verspielten und extravaganten Charakteristika standen im Einklang mit dem feinsinnigen Lebensgefu?hl der Aristokratie zu jener Zeit. In vielerlei Hinsicht gilt das Barock als Vorla?ufer dieser oft auch als Spa?tbarock bezeichneten Kunstrichtung. Wa?hrend die Werke Tiepolos, Bouchers und Reynolds die Ho?hepunkte der Rokoko-Kunst darstelle 410 0$aArt of century collection. 606 $aArt, Rococo 606 $aArt, Modern$y18th century 608 $aElectronic books. 615 0$aArt, Rococo. 615 0$aArt, Modern 676 $a709.03/3203 676 $a709.033203 700 $aCharles$b Victoria$0597104 701 $aCarl$b Klaus H$0861194 801 0$bMiAaPQ 801 1$bMiAaPQ 801 2$bMiAaPQ 906 $aBOOK 912 $a9910457527903321 996 $aDas Rokoko$92453660 997 $aUNINA LEADER 02511nam 2200589 450 001 9910807739603321 005 20230126213858.0 010 $a1-4985-1835-4 035 $a(CKB)3710000000563221 035 $a(EBL)4312615 035 $a(SSID)ssj0001591258 035 $a(PQKBManifestationID)16291622 035 $a(PQKBTitleCode)TC0001591258 035 $a(PQKBWorkID)14820928 035 $a(PQKB)11015689 035 $a(MiAaPQ)EBC4312615 035 $a(Au-PeEL)EBL4312615 035 $a(CaPaEBR)ebr11139046 035 $a(CaONFJC)MIL885017 035 $a(OCoLC)934035870 035 $a(EXLCZ)993710000000563221 100 $a20160119h20152015 uy 0 101 0 $aeng 135 $aur|n|---||||| 181 $ctxt 182 $cc 183 $acr 200 00$aCorporate social responsibility and sustainable development in emerging economies /$fedited by Dhirendra K. Vajpeyi and Roopinder Oberoi 210 1$aLanham, Maryland :$cLexington Books,$d2015. 210 4$dİ2015 215 $a1 online resource (369 p.) 225 0 $aGlobalization and Its Costs 300 $aDescription based upon print version of record. 311 $a1-4985-1834-6 320 $aIncludes bibliographical references at the end of each chapters. 327 $aPages:1 to 25; Pages:26 to 50; Pages:51 to 75; Pages:76 to 100; Pages:101 to 125; Pages:126 to 150; Pages:151 to 175; Pages:176 to 200; Pages:201 to 225; Pages:226 to 250; Pages:251 to 275; Pages:276 to 300; Pages:301 to 325; Pages:326 to 350; Pages:351 to 369 330 $aThis book analyzes issues related to multinational corporations, their immense economic and political influence in a globalized world, and corporate social responsibility. It offers a unique discussion of corporate social responsibility in the emerging economies of Brazil, India, South Africa, China, Bangladesh, Chile, and the Philippines. 410 0$aGlobalization and Its Costs 606 $aSocial responsibility of business$zDeveloping countries 606 $aSustainable development$zDeveloping countries 615 0$aSocial responsibility of business 615 0$aSustainable development 676 $a338.9/27091724 702 $aVajpeyi$b Dhirendra K. 702 $aOberoi$b Roopinder 801 0$bMiAaPQ 801 1$bMiAaPQ 801 2$bMiAaPQ 906 $aBOOK 912 $a9910807739603321 996 $aCorporate social responsibility and sustainable development in emerging economies$94119987 997 $aUNINA